000 00878nam a2200205Ii 4500
003 JO-AjNU
008 230605s9999||||xx |||||||||||||| ||und||
040 _aJO-AjNU
_bara
_erda
_cJO-AjNU
041 _aara
050 1 4 _aKZ3410.F372.2012
100 3 _aتأليف الفتلاوي، سهيل حسين ,
_eauthor
_946204
245 0 0 _aموسوعة القانون الدولي (6): القانون الدولي للبحار
264 3 1 _aعمان: دار الثقافة، 2012
300 _a317ص
_bيشتمل على مراجع ببلوغرافية باللغة العربية والمصادر باللغة الأجنبية ص(301-317)
336 _atext
_btxt
_2rdacontent
337 _aunmediated
_bn
_2rdamedia
338 _avolume
_bnc
_2rdacarrier
490 0 _aموسوعة القانون الدولي (6)
650 4 _aالقانون الدولي -- موسوعات
_946205
999 _aA20083
_c23651
_d23651